[Event "Morbihan 2010"]
[Site "?"]
[Date "2009.10.10"]
[Round "1.1"]
[White "Rivalin, Patrick"]
[Black "Stéphan, Victor"]
[Result "0-1"]
[WhiteElo "1580"]
[BlackElo "2227"]
[PlyCount "32"]

1. d4 Nf6 2. c4 e6 3. Nc3 Bb4 4. Bd2 O-O 5. e4 Bxc3 6. Bxc3 Nxe4 7. Bb4 c5 8.
dxc5 Nc6 9. Bd3 f5 10. Qe2 Nxb4 11. Bxe4 fxe4 12. Qxe4 Qa5 13. Ke2 Qxc5 14. a3
Qxf2+ 15. Kd1 Qf1+ 16. Qe1 Qd3+ 0-1

[Event "Morbihan 2010"]
[Site "?"]
[Date "2009.10.10"]
[Round "1.2"]
[White "Gallois, Jérôme"]
[Black "Roussel, Bernard"]
[Result "1-0"]
[WhiteElo "2035"]
[BlackElo "1580"]
[PlyCount "81"]

1. Nc3 d6 2. d4 Nf6 3. e4 Nc6 4. f4 Bg4 5. Qd3 e5 6. d5 Nd4 7. h3 Bd7 8. Be3 c5
9. dxc6 Bxc6 10. Bxd4 exd4 11. Qxd4 Nh5 12. Nge2 Qh4+ 13. Qf2 Qxf2+ 14. Kxf2
Be7 15. h4 Nf6 16. Ng3 O-O 17. Be2 d5 18. e5 Bc5+ 19. Ke1 Ne4 20. Ngxe4 dxe4
21. Bb5 e3 22. Bxc6 bxc6 23. Ke2 Rfe8 24. Rad1 Rad8 25. Rxd8 Rxd8 26. Rd1 Rxd1
27. Nxd1 Kf8 28. Nxe3 g6 29. Kd3 Ke7 30. Ke4 Ke6 31. a3 h5 32. b4 Bb6 33. c4 a6
34. c5 Bd8 35. g3 f5+ 36. Kd3 Bc7 37. Kc4 Bd8 38. Nc2 Kd7 39. Nd4 Bc7 40. a4
Bd8 41. b5 1-0

[Event "Morbihan 2010"]
[Site "?"]
[Date "2009.10.10"]
[Round "1.3"]
[White "Sellin, Alain"]
[Black "Le Corre, Patrick"]
[Result "0-1"]
[WhiteElo "1580"]
[BlackElo "2023"]
[PlyCount "84"]
[EventDate "2009.??.??"]

1. e4 c5 2. c3 d5 3. exd5 Qxd5 4. Nf3 Nf6 5. d4 Bg4 6. Be2 e6 7. O-O Be7 8. Na3
O-O 9. Nb5 Na6 10. Ne5 Bxe2 11. Qxe2 cxd4 12. cxd4 Rfc8 13. Be3 Nb4 14. Nc3 Qa5
15. Rfc1 Rc7 16. a3 Nbd5 17. b4 Nxc3 18. Rxc3 Qb6 19. d5 Qd6 20. Bc5 Qxd5 21.
Rd1 Qe4 22. Re3 Qf5 23. Rf3 Qh5 24. Bxe7 Rxe7 25. Qe3 Rc8 26. Qd4 b6 27. Rh3
Qf5 28. Rhd3 Qe4 29. Qd6 Ree8 30. Nd7 Nd5 31. Rg3 Kh8 32. Ne5 Rf8 33. h3 Nf6
34. Re3 Qc2 35. Red3 Qc7 36. Qxc7 Rxc7 37. Rd8 Kg8 38. g4 Nd5 39. Rd7 Rfc8 40.
Rxc7 Rxc7 41. Kf1 f6 42. Nf3 Rc3 0-1

[Event "Morbihan 2010"]
[Site "?"]
[Date "2009.10.10"]
[Round "1.4"]
[White "Duplessy, Franck"]
[Black "Tonal, Jean-Jacques"]
[Result "1-0"]
[WhiteElo "2018"]
[BlackElo "1571"]
[PlyCount "49"]
[EventDate "2009.??.??"]

1. e4 c5 2. Nf3 d6 3. d4 cxd4 4. Nxd4 Nf6 5. Nc3 g6 6. Be2 Bg7 7. Be3 O-O 8. g4
Nc6 9. g5 Ne8 10. h4 e5 11. Nb3 Be6 12. h5 Qe7 13. Nd5 Bxd5 14. exd5 Nd4 15. c3
Nxe2 16. Qxe2 Qd7 17. Rh4 a6 18. O-O-O Rc8 19. Rdh1 Qb5 20. Qg4 Nc7 21. hxg6
hxg6 22. Qh3 f5 23. gxf6 Bxf6 24. Rb4 Rf7 25. Rxb5 1-0

[Event "Morbihan 2010"]
[Site "?"]
[Date "2009.10.10"]
[Round "1.5"]
[White "Audren, Jean"]
[Black "Lages, Michel"]
[Result "0-1"]
[WhiteElo "1530"]
[BlackElo "1913"]
[PlyCount "56"]
[EventDate "2009.??.??"]

1. d4 c5 2. Nf3 cxd4 3. Nxd4 d5 4. Nc3 Nf6 5. Bg5 e6 6. a3 Be7 7. e3 O-O 8. Be2
Nc6 9. O-O e5 10. Nxc6 bxc6 11. f3 Rb8 12. b3 h6 13. Bh4 Qb6 14. Bf2 Be6 15.
Bd3 c5 16. Na4 Qc7 17. c3 Rfd8 18. Qc2 e4 19. Be2 d4 20. cxd4 Bxb3 21. Qc1 Bxa4
22. fxe4 Nxe4 23. Bf3 Nxf2 24. Rxf2 Bd6 25. h3 cxd4 26. exd4 Qxc1+ 27. Rxc1 Bf4
28. Rcf1 Be3 0-1

[Event "Morbihan 2010"]
[Site "?"]
[Date "2009.10.10"]
[Round "1.6"]
[White "Purenne, Benoît"]
[Black "Berthelot, Eric"]
[Result "1-0"]
[WhiteElo "1909"]
[BlackElo "1530"]
[PlyCount "83"]
[EventDate "2009.??.??"]

1. e4 e5 2. Nf3 Nc6 3. Bb5 Nf6 4. O-O a6 5. Bxc6 bxc6 6. Nxe5 Be7 7. Nc3 O-O 8.
d4 Bb7 9. Re1 Re8 10. a3 d6 11. Nc4 Bc8 12. f3 a5 13. Be3 d5 14. exd5 cxd5 15.
Ne5 Bd6 16. Nd3 c6 17. Qd2 Bf5 18. Ne2 Bg6 19. Ndf4 Bxf4 20. Nxf4 Bf5 21. Bf2
Qd6 22. Bg3 Qd7 23. Rxe8+ Qxe8 24. Re1 Qd7 25. h3 h6 26. Bh2 Qb7 27. Qc3 Re8
28. Rxe8+ Nxe8 29. Ne2 a4 30. Nc1 Qe7 31. Kf2 Bd7 32. Nd3 Nf6 33. Ne5 Qe6 34.
Nxd7 Qxd7 35. Qb4 Qa7 36. Qb8+ Qxb8 37. Bxb8 Nd7 38. Ba7 Kf8 39. Bc5+ Ke8 40.
Ke3 Nf6 41. g4 Kd7 42. Bf8 1-0

[Event "Morbihan 2010"]
[Site "?"]
[Date "2009.10.10"]
[Round "1.7"]
[White "Aubrun, Lucas"]
[Black "Jolivel, Dominique"]
[Result "0-1"]
[WhiteElo "1510"]
[BlackElo "1891"]
[PlyCount "74"]
[EventDate "2009.??.??"]

1. d4 Nf6 2. c4 c5 3. d5 b5 4. cxb5 a6 5. bxa6 Bxa6 6. Nc3 d6 7. g3 g6 8. Bg2
Bg7 9. Nf3 Nbd7 10. O-O O-O 11. Re1 Qb6 12. Rb1 Rfb8 13. Bd2 Ng4 14. h3 Nge5
15. b3 Qc7 16. Qc2 Rc8 17. Nh2 Nf6 18. f4 Ned7 19. e4 Bb7 20. Nf3 Nb6 21. Kh2
Ba6 22. Ng1 Bb7 23. Nf3 Rcb8 24. Bf1 Ba6 25. Bxa6 Rxa6 26. Qd3 Qb7 27. Nh4 Rba8
28. Ng2 Nfd7 29. a4 Qc8 30. Qc2 c4 31. Nb5 cxb3 32. Qxc8+ Rxc8 33. Be3 Rxa4 34.
Bxb6 Nxb6 35. Rxb3 Ra2 36. Nxd6 Rcc2 37. Rg1 Bd4 0-1

[Event "Morbihan 2010"]
[Site "?"]
[Date "2009.10.10"]
[Round "1.8"]
[White "Deslias, Grégoire"]
[Black "Maréchal, Daniel"]
[Result "1-0"]
[WhiteElo "1869"]
[BlackElo "1510"]
[PlyCount "109"]
[EventDate "2009.??.??"]

1. d4 d5 2. c4 c6 3. cxd5 cxd5 4. Nc3 Nf6 5. Nf3 Nc6 6. Bf4 e6 7. e3 a6 8. Bd3
Bb4 9. O-O Be7 10. Rc1 O-O 11. a3 Bd7 12. Na4 b6 13. Ne5 Nxe5 14. Bxe5 Bxa4 15.
Qxa4 b5 16. Qc2 g6 17. Qc7 Ne8 18. Qxd8 Rxd8 19. Rc6 Ra8 20. Rfc1 Ng7 21. Bd6
Bxd6 22. Rxd6 Rfd8 23. Rxd8+ Rxd8 24. Rc6 Ra8 25. a4 Nh5 26. axb5 axb5 27. Bxb5
Ra1+ 28. Bf1 Nf6 29. f3 Rb1 30. Rc8+ Kg7 31. Rb8 Nd7 32. Rb7 Nf6 33. b4 Ne8 34.
Rb6 Kf6 35. b5 Nc7 36. Rb7 Nxb5 37. Rxb5 Rxb5 38. Bxb5 Ke7 39. Kf2 Kd6 40. e4
f6 41. Ke3 g5 42. g4 h6 43. Kd3 e5 44. dxe5+ Kxe5 45. exd5 Kxd5 46. Ke3 Ke5 47.
Bd3 Kd5 48. h3 Ke5 49. Be4 Kd6 50. Kd4 Ke6 51. Bf5+ Kd6 52. Ke4 Kc5 53. Be6 Kd6
54. Kf5 Ke7 55. Bb3 1-0

[Event "Morbihan 2010"]
[Site "?"]
[Date "2009.10.10"]
[Round "1.9"]
[White "Le Fort, Joël"]
[Black "Pinel, Jérémy"]
[Result "0-1"]
[WhiteElo "1499"]
[BlackElo "1867"]
[PlyCount "57"]
[EventDate "2009.??.??"]

1. e4 c5 2. Nf3 e6 3. Nc3 Nc6 4. d4 cxd4 5. Nxd4 a6 6. Nxc6 bxc6 7. Bd3 d5 8.
O-O Bd6 9. Re1 Qc7 10. h3 Ne7 11. Qf3 O-O 12. Ne2 c5 13. Bf4 c4 14. Bxc4 dxc4
15. e5 Bc5 16. Qxa8 Bb7 17. Qxf8+ Kxf8 18. Rad1 Ke8 19. Rd2 Qc6 20. Rd8+ Kxd8
21. Rd1+ Ke8 22. Kf1 Qxg2+ 23. Ke1 Qxf2+ 24. Kd2 Bf3 25. Re1 Bxe2 26. Rxe2
Qxf4+ 27. Kd1 Nd5 28. Re1 c3 29. bxc3 0-1

[Event "Morbihan 2010"]
[Site "?"]
[Date "2009.10.10"]
[Round "1.10"]
[White "Annetti, Laurent"]
[Black "Fétiveau, Arthur"]
[Result "1-0"]
[WhiteElo "1841"]
[BlackElo "1490"]
[PlyCount "49"]
[EventDate "2009.??.??"]

1. e4 e5 2. Nf3 Nc6 3. Bc4 Be7 4. d4 exd4 5. c3 dxc3 6. Qb3 Bb4 7. Bxf7+ Kf8 8.
O-O Qf6 9. Bd5 Qe7 10. Bg5 Qc5 11. Nxc3 Nf6 12. Rac1 Na5 13. Qd1 d6 14. Be3
Nxd5 15. Bxc5 Nxc3 16. Bxd6+ Bxd6 17. Rxc3 Be6 18. e5 Bb4 19. Rxc7 Be7 20. Rxe7
Kxe7 21. Qd6+ Kf7 22. Ng5+ Kg6 23. Qxe6+ Kxg5 24. f4+ Kh5 25. Qf5+ 1-0

[Event "Morbihan 2010"]
[Site "?"]
[Date "2009.10.10"]
[Round "1.11"]
[White "Deslias, Alain"]
[Black "Siclet, Mathieu"]
[Result "0-1"]
[WhiteElo "1460"]
[BlackElo "1830"]
[PlyCount "42"]
[EventDate "2009.??.??"]

1. d4 Nf6 2. c4 e6 3. Nc3 Bb4 4. Qc2 O-O 5. a3 Bxc3+ 6. bxc3 b6 7. e4 Bb7 8.
Bd3 d5 9. f3 dxe4 10. fxe4 Nxe4 11. Bxe4 Qh4+ 12. g3 Qxe4+ 13. Qxe4 Bxe4 14.
Nf3 Bxf3 15. Rf1 Bb7 16. Bf4 Nc6 17. Kd2 Na5 18. Rab1 Nxc4+ 19. Kd3 Nxa3 20.
Rb3 Ba6+ 21. c4 Bxc4+ 0-1

[Event "Morbihan 2010"]
[Site "?"]
[Date "2009.10.10"]
[Round "1.12"]
[White "Loizil, Joël"]
[Black "Josse, Emmanuelle"]
[Result "1-0"]
[WhiteElo "1788"]
[BlackElo "1421"]
[PlyCount "87"]
[EventDate "2009.??.??"]

1. e4 g6 2. Nf3 Bg7 3. d4 d6 4. c3 Bg4 5. Be3 Nf6 6. Nbd2 Nbd7 7. Bd3 e5 8. Qc2
O-O 9. O-O Bxf3 10. Nxf3 Ng4 11. Qd2 Nxe3 12. Qxe3 h6 13. Rad1 g5 14. h3 Qf6
15. g3 Qg6 16. Kg2 Bf6 17. Rh1 Kg7 18. Be2 Rh8 19. g4 h5 20. gxh5 Rxh5 21. dxe5
Nxe5 22. Nxe5 Bxe5 23. Bxh5 Qxh5 24. Rdg1 Rg8 25. Qf3 Qg6 26. Kf1 f6 27. h4 Bf4
28. hxg5 Bxg5 29. Qf5 Qxf5 30. exf5 Kf7 31. Rh7+ Rg7 32. Rxg7+ Kxg7 33. f4 Kh6
34. fxg5+ fxg5 35. Ke2 d5 36. f6 Kg6 37. Rf1 Kf7 38. Ke3 c6 39. Kd4 b5 40. Ke5
a6 41. Rh1 g4 42. Rh7+ Kf8 43. Ke6 Kg8 44. Rh4 1-0

[Event "Morbihan 2010"]
[Site "?"]
[Date "2009.10.10"]
[Round "1.13"]
[White "Cheneau, Lionel"]
[Black "Mikaty, Gwenegan"]
[Result "0-1"]
[WhiteElo "1410"]
[BlackElo "1770"]
[PlyCount "70"]
[EventDate "2009.??.??"]

1. e4 c5 2. Nc3 Nc6 3. Nf3 a6 4. Bc4 d6 5. Ng5 e6 6. Qf3 Qxg5 7. d3 Qf6 8. Qe2
Nd4 9. Qd1 Ne7 10. Ne2 Nec6 11. c3 Nxe2 12. Qxe2 Na5 13. Be3 Nxc4 14. dxc4 Be7
15. g3 e5 16. f4 exf4 17. Bxf4 O-O 18. Rf1 Qg6 19. O-O-O Bg4 20. Qe3 Bxd1 21.
Rxd1 Rfe8 22. Re1 Qe6 23. b3 b5 24. Qd3 bxc4 25. bxc4 Red8 26. Qf1 Bf6 27. Bd2
Rab8 28. Kd1 Rd7 29. Qd3 Rdb7 30. Bc1 Rb1 31. h4 R8b2 32. Qf3 Bxc3 33. Rf1 Rd2+
34. Ke1 Rxc1+ 35. Qd1 Rcxd1# 0-1

[Event "Morbihan 2010"]
[Site "?"]
[Date "2009.10.10"]
[Round "1.14"]
[White "Potier, Pierre"]
[Black "Purenne, Eric"]
[Result "0-1"]
[WhiteElo "1730"]
[BlackElo "1400"]
[PlyCount "47"]
[EventDate "2009.??.??"]

1. e4 e5 2. Nf3 Nc6 3. Nc3 Bc5 4. Bb5 d6 5. d4 Bg4 6. d5 a6 7. dxc6 axb5 8.
cxb7 Rb8 9. Nxb5 Rxb7 10. Nc3 h6 11. a3 Nf6 12. b4 Bd4 13. Qd3 Bxf3 14. Qxf3
Qd7 15. Ra2 Bxc3+ 16. Qxc3 Nxe4 17. Qf3 Qc6 18. O-O O-O 19. Re1 d5 20. Re3 f5
21. Qh3 f4 22. Rb3 Qc4 23. Qd3 Qc6 24. Kh1 0-1

[Event "Morbihan 2010"]
[Site "?"]
[Date "2009.10.10"]
[Round "1.15"]
[White "Cozic, Matthias"]
[Black "Pouliquen, Alain"]
[Result "0-1"]
[WhiteElo "1340"]
[BlackElo "1720"]
[PlyCount "70"]
[EventDate "2009.??.??"]

1. e4 d5 2. f3 dxe4 3. fxe4 e6 4. d4 Qh4+ 5. g3 Qxe4+ 6. Qe2 Qxd4 7. Qb5+ c6 8.
Qe2 Nf6 9. c3 Qe4 10. Qxe4 Nxe4 11. Bd3 Nf6 12. Bf4 Nbd7 13. Nd2 Be7 14. O-O-O
Nd5 15. Ngf3 f6 16. Nb3 e5 17. Bd2 e4 18. Bxe4 N7b6 19. Be1 Bg4 20. Rf1 Ne3 21.
Bd2 Nxd1 22. Kxd1 O-O-O 23. Kc1 Rhe8 24. Bxh7 Nc4 25. Bg6 Rh8 26. h4 Bxf3 27.
Rxf3 Kb8 28. Bf4+ Bd6 29. Nc5 Bxf4+ 30. Rxf4 Ne5 31. Bf5 Rd6 32. Ne6 g6 33. Bh3
Nd3+ 34. Kc2 Nxf4 35. gxf4 Rxh4 0-1

[Event "Morbihan 2010"]
[Site "?"]
[Date "2009.10.10"]
[Round "1.16"]
[White "Cozic, Daniel"]
[Black "Le Borgne, Christian"]
[Result "1-0"]
[WhiteElo "1710"]
[BlackElo "1330"]
[PlyCount "107"]
[EventDate "2009.??.??"]

1. e4 e5 2. Nf3 Nc6 3. Bc4 Bc5 4. c3 d6 5. d4 exd4 6. cxd4 Bb4+ 7. Nc3 Bg4 8.
Be3 Nf6 9. Bd3 O-O 10. h3 Bxf3 11. Qxf3 Re8 12. O-O Bxc3 13. bxc3 g6 14. Bg5
Re6 15. Bc4 h6 16. Bxe6 hxg5 17. Bb3 Qd7 18. Rfe1 Nh5 19. Rad1 Re8 20. Qd3 Nf4
21. Qf3 Kg7 22. Qg3 Qe7 23. Qg4 Rh8 24. Bd5 Rh4 25. Qf3 Qf6 26. Kf1 Ne7 27.
Bxb7 g4 28. e5 Qg5 29. Qg3 Nf5 30. Qh2 gxh3 31. g3 Rh8 32. gxf4 Qh4 33. Be4
dxe5 34. Bxf5 exf4 35. Be4 Qh5 36. Qxf4 h2 37. Bh1 Qb5+ 38. Kg2 Qc6+ 39. Qf3
Qc4 40. Rd2 a5 41. Re5 a4 42. Rde2 a3 43. Qg3 Qb5 44. f4 Qb1 45. Qe1 Qb7+ 46.
Kg3 Qc8 47. Qf1 Qd8 48. Kf2 Qh4+ 49. Kf3 Qf6 50. Qg2 Rh4 51. Qg5 Qc6+ 52. R5e4
Qxc3+ 53. Kf2 Qc1 54. Qe5+ 1-0

[Event "Morbihan 2010"]
[Site "?"]
[Date "2009.10.10"]
[Round "1.17"]
[White "Boubli, Jordan"]
[Black "Le Garrec, Maxime"]
[Result "1/2-1/2"]
[WhiteElo "1299"]
[BlackElo "1687"]
[PlyCount "74"]
[EventDate "2009.??.??"]

1. e4 d6 2. d4 Nf6 3. Nc3 g6 4. Bc4 Bg7 5. Nf3 O-O 6. Be3 Nxe4 7. Nxe4 d5 8.
Bxd5 Qxd5 9. Nc3 Qd8 10. Qd2 c6 11. Bh6 Bg4 12. Bxg7 Kxg7 13. Ne5 Be6 14. h3
Nd7 15. Ng4 Bd5 16. f3 Qc7 17. O-O-O f5 18. Ne3 Nb6 19. Nexd5 Nxd5 20. Nxd5
cxd5 21. Rde1 Rfe8 22. Re5 Rac8 23. Rxd5 Qc4 24. Ra5 a6 25. b3 Qc6 26. Rc5 Qd6
27. Rxc8 Qa3+ 28. Kb1 Rxc8 29. Re1 Qd6 30. Qe3 Kf7 31. Qh6 Kg8 32. Qg5 Kf7 33.
Qh4 h5 34. g3 Rc7 35. Qf4 Qxf4 36. gxf4 Rc3 37. Rf1 Re3 1/2-1/2

[Event "Morbihan 2010"]
[Site "?"]
[Date "2009.10.10"]
[Round "1.18"]
[White "Brémond, Edouard"]
[Black "Maroufi, Mahzeyar"]
[Result "1-0"]
[WhiteElo "1685"]
[BlackElo "1450"]
[PlyCount "105"]
[EventDate "2009.??.??"]

1. e4 e5 2. Nf3 Nc6 3. Bb5 Nf6 4. O-O a6 5. Ba4 b5 6. Bb3 d5 7. exd5 Nxd5 8.
Re1 Be6 9. Nxe5 Nxe5 10. Rxe5 c6 11. Bxd5 cxd5 12. d4 h6 13. Nc3 Bd6 14. Re1
O-O 15. Qf3 Re8 16. Bf4 Qc7 17. Bxd6 Qxd6 18. Re5 f6 19. Re3 Re7 20. Rae1 Rae8
21. Ne2 Rc8 22. c3 Rce8 23. Nf4 Bf7 24. Rxe7 Rxe7 25. Rxe7 Qxe7 26. Qe3 Qf8 27.
Ne6 Qe7 28. Nc5 Qxe3 29. fxe3 Kf8 30. Nxa6 Ke7 31. Nc7 Kd6 32. Nxb5+ Kc6 33. a4
Kb6 34. b3 Kc6 35. Kf2 Bg6 36. Na3 Kd6 37. Ke2 Ke6 38. a5 Be8 39. a6 Bc6 40. b4
Kd7 41. b5 Ba8 42. b6 Bc6 43. Kd3 Kc8 44. c4 g5 45. cxd5 Bxd5 46. e4 Bc6 47. d5
Bd7 48. Kc4 Kb8 49. Nb5 h5 50. Kc5 h4 51. Nc7 h3 52. a7+ Kb7 53. a8=Q# 1-0

[Event "Morbihan 2010"]
[Site "?"]
[Date "2009.10.10"]
[Round "1.19"]
[White "Dumont, Gérard"]
[Black "Trélohan, Henri"]
[Result "0-1"]
[WhiteElo "1210"]
[BlackElo "1685"]
[PlyCount "94"]
[EventDate "2009.??.??"]

1. e4 e5 2. Nf3 Nc6 3. Bc4 Bc5 4. O-O Nf6 5. Nc3 O-O 6. d3 h6 7. Be3 Bxe3 8.
fxe3 Na5 9. Bb5 c6 10. Ba4 b5 11. Bb3 Nxb3 12. cxb3 d6 13. d4 Re8 14. d5 b4 15.
Ne2 c5 16. a3 a5 17. Ng3 Ba6 18. Re1 Qb6 19. Nf5 Nxe4 20. N3h4 Qd8 21. Qg4 Ng5
22. e4 Bc8 23. Qh5 Bxf5 24. exf5 Qf6 25. Rf1 Kh7 26. Ng6 fxg6 27. fxg6+ Qxg6
28. Qg4 Rf8 29. h4 Rxf1+ 30. Rxf1 Qe4 31. Qd7 Qd4+ 32. Kh1 Qxh4+ 33. Kg1 Qd4+
34. Kh1 Qxd5 35. Qf5+ Kh8 36. Qd7 Qe6 37. Qc6 Rc8 38. Qb5 bxa3 39. bxa3 Ra8 40.
Qc6 Rb8 41. Qc7 Qxb3 42. Qxa5 Kh7 43. Qa6 Qb5 44. Qxd6 Qxf1+ 45. Kh2 Qf4+ 46.
g3 Qf2+ 47. Kh1 Rb1+ 0-1

[Event "Morbihan 2010"]
[Site "?"]
[Date "2009.10.10"]
[Round "1.20"]
[White "Le Coz, Yannick"]
[Black "Maroufi, Amirvala"]
[Result "1-0"]
[WhiteElo "1675"]
[BlackElo "1200"]
[PlyCount "103"]
[EventDate "2009.??.??"]

1. e4 d5 2. e5 Nc6 3. f4 Bf5 4. Nf3 Nh6 5. Bb5 a6 6. Ba4 Bg4 7. O-O e6 8. c3
Bc5+ 9. d4 Bb6 10. h3 Bxf3 11. Qxf3 O-O 12. Bc2 Qh4 13. Be3 f5 14. Bf2 Qe7 15.
Qh5 Qf7 16. Bd1 Qxh5 17. Bxh5 g6 18. Be2 Na5 19. Nd2 Rad8 20. Nf3 Nc4 21. b3
Na3 22. Ng5 Nc2 23. Rac1 Na3 24. Nxe6 Rde8 25. Nxf8 Rxf8 26. c4 dxc4 27. bxc4
Ba5 28. d5 Bd2 29. Rcd1 Bxf4 30. Bc5 Re8 31. Rxf4 Rxe5 32. Bd3 b6 33. Bxa3 g5
34. Rff1 f4 35. Rfe1 Rxe1+ 36. Rxe1 Kf7 37. Re7+ Kg8 38. Rxc7 g4 39. Rxh7 Nf7
40. Bb2 Ng5 41. Rg7+ Kf8 42. Rxg5 gxh3 43. Rf5+ Ke8 44. Rxf4 hxg2 45. Kxg2 Ke7
46. Rf6 Ke8 47. Rxb6 Ke7 48. d6+ Kd7 49. Bf5+ Kd8 50. Bf6+ Ke8 51. Be6 a5 52.
Rb8# 1-0

[Event "Morbihan 2010"]
[Site "?"]
[Date "2009.10.10"]
[Round "1.21"]
[White "Eraud, Julien"]
[Black "Bonhomme, Christian"]
[Result "0-1"]
[WhiteElo "1150"]
[BlackElo "1629"]
[PlyCount "82"]
[EventDate "2009.??.??"]

1. e3 d5 2. c4 e6 3. Nf3 Nf6 4. Nc3 c6 5. d4 Nbd7 6. c5 g6 7. Ne5 Nxe5 8. dxe5
Nd7 9. e4 Nxc5 10. b4 Nd7 11. b5 Bg7 12. exd5 cxd5 13. Bf4 O-O 14. Be2 Nxe5 15.
Bxe5 Bxe5 16. Qc2 Bd7 17. O-O Rc8 18. Qd1 Rxc3 19. Rc1 Qc7 20. Rxc3 Qxc3 21. a4
Rc8 22. f3 Qd4+ 23. Qxd4 Bxd4+ 24. Kh1 Be3 25. Re1 Rc1 26. Bd1 d4 27. h3 e5 28.
Kh2 Be6 29. a5 Bb3 30. Bxb3 Rxe1 31. Bd5 b6 32. a6 d3 33. Bb3 d2 34. g4 d1=Q
35. Bxd1 Rxd1 36. h4 Rb1 37. h5 g5 38. f4 exf4 39. Kg2 Rxb5 40. Kf1 f3 41. Ke1
Rb1# 0-1

[Event "Morbihan 2010"]
[Site "?"]
[Date "2009.10.10"]
[Round "1.22"]
[White "Girod, Bernard"]
[Black "Trifault, Youn"]
[Result "1-0"]
[WhiteElo "1600"]
[BlackElo "1040"]
[PlyCount "69"]
[EventDate "2009.??.??"]

1. e4 f5 2. d3 Nc6 3. Be2 e5 4. Nc3 Bb4 5. Bd2 Bxc3 6. Bxc3 d6 7. Nf3 f4 8. O-O
Bg4 9. Ne1 Nf6 10. Bxg4 O-O 11. Be6+ Kh8 12. Nf3 Re8 13. Bb3 a5 14. a3 a4 15.
Ba2 d5 16. exd5 Nxd5 17. Qd2 Ra5 18. Bxa5 Nxa5 19. Qxa5 c6 20. Qxd8 Rxd8 21.
Nxe5 Nf6 22. Nf7+ Kg8 23. Nxd8+ Kh8 24. Rfe1 h6 25. Re7 Kh7 26. Rae1 b5 27. Rc7
h5 28. Ree7 Kh6 29. Rxg7 Ne8 30. Rh7+ Kg6 31. Rce7 Nf6 32. Rhg7+ Kf5 33. Nxc6
f3 34. Nd4+ Kf4 35. g3# 1-0

[Event "Morbihan 2010"]
[Site "?"]
[Date "2009.10.10"]
[Round "1.23"]
[White "Cheneau, Alain"]
[Black "Bezy, Bernard"]
[Result "0-1"]
[WhiteElo "1040"]
[BlackElo "1590"]
[PlyCount "108"]
[EventDate "2009.??.??"]

1. e4 c5 2. Nc3 Nc6 3. Bb5 e6 4. d3 Bd6 5. Be3 Nge7 6. Qg4 O-O 7. Nf3 Ng6 8.
Ng5 h6 9. Nh3 Nce5 10. Qe2 b6 11. O-O-O Bb7 12. f3 Rc8 13. Rhg1 a6 14. Ba4 b5
15. Bb3 c4 16. dxc4 bxc4 17. Ba4 Be7 18. f4 Nc6 19. Qd2 d6 20. Nf2 f5 21. Qe2
fxe4 22. Nfxe4 d5 23. Ng3 Qc7 24. Nb1 Nxf4 25. Qf3 Nd3+ 26. cxd3 Rxf3 27. gxf3
cxd3 28. Rxd3 Nb4+ 29. Rc3 Nxa2+ 30. Kd2 Nxc3 31. Nxc3 Bb4 32. Bd4 Qf4+ 33. Ke2
Qxd4 34. Bd7 Qe5+ 35. Kd3 Rxc3+ 36. bxc3 Qxc3+ 37. Ke2 Qc4+ 38. Kd1 Qd4+ 39.
Ke2 Qxg1 40. Bxe6+ Kf8 41. f4 Qe1+ 42. Kf3 d4+ 43. Kg4 Qxe6+ 44. f5 Qf7 45. h3
g6 46. h4 h5+ 47. Kf4 Bd6+ 48. Kg5 Bxg3 49. f6 Bxh4+ 50. Kxh4 Qxf6+ 51. Kg3 d3
52. Kh2 Qf2+ 53. Kh3 Qg2+ 54. Kh4 Qg4# 0-1

[Event "Morbihan 2010"]
[Site "?"]
[Date "2009.11.07"]
[Round "2.1"]
[White "Stéphan, Victor"]
[Black "Loizil, Joël"]
[Result "1-0"]
[WhiteElo "2233"]
[BlackElo "1788"]
[PlyCount "81"]
[EventDate "2009.??.??"]

1. e4 e5 2. Nf3 Nc6 3. Bb5 a6 4. Bxc6 dxc6 5. O-O Bg4 6. h3 Bxf3 7. Qxf3 Nf6 8.
d3 Qd6 9. Nd2 O-O-O 10. Qf5+ Qe6 11. Qxe6+ fxe6 12. Nc4 Nd7 13. Bd2 Bc5 14. a4
h6 15. Rab1 g5 16. b4 Bd4 17. b5 cxb5 18. axb5 Nb6 19. bxa6 bxa6 20. Na5 Kd7
21. c3 Bc5 22. Nb7 Kc6 23. Nxd8+ Rxd8 24. Be3 Rxd3 25. Bxc5 Kxc5 26. Ra1 Rxc3
27. Rxa6 Rc4 28. Ra5+ Kd6 29. f3 Ra4 30. Rd1+ Rd4 31. Rc1 Ra4 32. Rac5 Na8 33.
Kf2 Ra2+ 34. Kg3 Rb2 35. Rc6+ Kd7 36. Ra6 Nb6 37. Ra7 Rd2 38. Raxc7+ Ke8 39.
R1c6 Nd7 40. Rxe6+ Kf7 41. Rxh6 1-0

[Event "Morbihan 2010"]
[Site "?"]
[Date "2009.11.07"]
[Round "2.3"]
[White "Le Corre, Patrick"]
[Black "Pouliquen, Alain"]
[Result "1-0"]
[WhiteElo "2012"]
[BlackElo "1720"]
[PlyCount "119"]
[EventDate "2009.??.??"]

1. e4 d5 2. exd5 Qxd5 3. Nc3 Qa5 4. Bc4 Nf6 5. d3 Bf5 6. Nf3 e6 7. O-O Nbd7 8.
a3 c6 9. Re1 Bd6 10. h3 O-O 11. Nd4 Bg6 12. Nxe6 fxe6 13. Rxe6 Bf7 14. Rxd6
Bxc4 15. dxc4 Rad8 16. b4 Qe5 17. Bb2 Qf4 18. Rd4 Qc7 19. Qd2 Nb6 20. Rxd8 Rxd8
21. Qe2 Re8 22. Qf1 Qf4 23. c5 Nc4 24. Ne2 Qe4 25. Bxf6 Qxe2 26. Bd4 Qxf1+ 27.
Kxf1 Nd2+ 28. Kg1 Kf7 29. a4 a6 30. Rd1 Ne4 31. Re1 g6 32. f3 Ng5 33. Rxe8 Kxe8
34. Kf2 Kd7 35. Ke3 Ke6 36. Kf4 Nf7 37. Bg7 Kd5 38. h4 Kc4 39. c3 Kb3 40. a5
Kc4 41. Ke4 Kb3 42. g4 Kc4 43. f4 Kb3 44. f5 Kc4 45. fxg6 hxg6 46. h5 Ng5+ 47.
Ke5 gxh5 48. gxh5 Nf3+ 49. Kd6 Ng5 50. Kd7 Kd5 51. Ke7 Ke4 52. Kf6 Kf4 53. Bh6
Kg4 54. Bxg5 Kxh5 55. Be3 Kg4 56. Ke5 Kh5 57. Kd6 Kg6 58. Kc7 Kf6 59. Kxb7 Ke6
60. Kxc6 1-0

[Event "Morbihan 2010"]
[Site "?"]
[Date "2009.11.07"]
[Round "2.4"]
[White "Trélohan, Henri"]
[Black "Duplessy, Franck"]
[Result "1/2-1/2"]
[WhiteElo "1685"]
[BlackElo "2018"]
[PlyCount "85"]
[EventDate "2009.??.??"]

1. c4 g6 2. Nc3 Bg7 3. g3 c6 4. Bg2 d6 5. e3 e5 6. Nge2 Ne7 7. d4 Nd7 8. O-O
O-O 9. b4 Nb6 10. Qd3 d5 11. cxd5 Nexd5 12. Nxd5 Nxd5 13. a3 Be6 14. Bb2 Nb6
15. Rfd1 Na4 16. Qc2 Nxb2 17. Qxb2 exd4 18. Nxd4 Qe7 19. Rac1 a5 20. bxa5 Rxa5
21. Qb4 Qxb4 22. axb4 Re5 23. Nxe6 Rxe6 24. Rd7 Rb8 25. Rb1 Re5 26. b5 Rxb5 27.
Rxb5 cxb5 28. Bd5 b6 29. Rxf7 Kh8 30. Rb7 Rxb7 31. Bxb7 b4 32. Bd5 Bf8 33. f4
Bc5 34. Kf2 Kg7 35. g4 h6 36. Kf3 g5 37. f5 Kf6 38. Ke4 Bd6 39. h3 Bc5 40. Bb3
Bd6 41. Kd5 Be5 42. e4 Bc3 43. Bd1 1/2-1/2

[Event "Morbihan 2010"]
[Site "?"]
[Date "2009.11.07"]
[Round "2.5"]
[White "Lages, Michel"]
[Black "Cozic, Daniel"]
[Result "1-0"]
[WhiteElo "1928"]
[BlackElo "1710"]
[PlyCount "85"]
[EventDate "2009.??.??"]

1. c4 e5 2. Nc3 Nf6 3. Nf3 Nc6 4. e3 Bc5 5. d4 exd4 6. exd4 Bb4 7. Bd2 O-O 8.
Be2 d5 9. a3 Bxc3 10. bxc3 Re8 11. O-O Bg4 12. h3 Be6 13. cxd5 Bxd5 14. Bg5 Qd6
15. Be3 Ne4 16. Qc2 f5 17. c4 Bf7 18. d5 Ne5 19. Nxe5 Qxe5 20. Bd3 Bg6 21. Bxe4
Qxe4 22. Qxe4 Rxe4 23. Rfc1 Bf7 24. Rc3 b6 25. f3 Re7 26. a4 Rae8 27. Kf2 h6
28. h4 Rd7 29. a5 Kf8 30. axb6 axb6 31. Ra7 Ke7 32. Bf4 Rc8 33. Re3+ Kd8 34.
Be5 Bg8 35. Rb3 Re7 36. f4 Rf7 37. Rg3 g5 38. hxg5 hxg5 39. Rxg5 Rf8 40. Rg7 b5
41. Bxc7+ Rxc7 42. Rgxc7 bxc4 43. d6 1-0

[Event "Morbihan 2010"]
[Site "?"]
[Date "2009.11.07"]
[Round "2.6"]
[White "Bonhomme, Christian"]
[Black "Purenne, Benoît"]
[Result "0-1"]
[WhiteElo "1629"]
[BlackElo "1911"]
[PlyCount "80"]
[EventDate "2009.??.??"]

1. d4 d5 2. Nf3 Nf6 3. c4 e6 4. Nc3 Nbd7 5. cxd5 exd5 6. Bg5 Be7 7. e3 O-O 8.
Bd3 Re8 9. O-O c6 10. Re1 Nf8 11. h3 Ng6 12. Qc2 Ne4 13. Bxe4 dxe4 14. Bxe7
Qxe7 15. Nh2 Nh4 16. g4 h5 17. Qe2 hxg4 18. hxg4 Qg5 19. Kh1 Nf3 20. Nxe4 Rxe4
21. Qxf3 Qg6 22. Qh3 Bxg4 23. Nxg4 Rxg4 24. Rg1 Qe4+ 25. f3 Rh4 26. fxe4 Rxh3+
27. Kg2 Rxe3 28. Rge1 Rxe1 29. Rxe1 Rd8 30. Rd1 Kf8 31. Kf3 Ke7 32. Rd3 Ke6 33.
a4 c5 34. d5+ Ke5 35. a5 Rd6 36. Rb3 b6 37. axb6 axb6 38. Ra3 Rf6+ 39. Ke3 Rf4
40. Ra4 b5 0-1